00741nam a2200241 a 4500001001300000003000900013005001700022008004100039020002300080082001700103100002600120245006200146260003200208300000900240500003500249505001200284650002700296700002600323902000800349942000700357952011800364999001700482nice12345678IN_TiNIC20260116013859.0050524s1992 newa grp 000 0 eng  a0066296 c78400a232.901bCRO aCrossan, John Dominic aHistorical Jesusb Life of a Mediterranean Jewish Peasant aNew York bHarperone c1992 a507p aincludes index and biblioraphy2 aIndices aJesus Christ-Biography1 aCrossan, John Dominic bSRS cBK 001040708StackRoom-aHMIbHMId2007-06-19g784.00l0o232.901 CROp015094r2007-06-19v784.00w2005-05-24yBK c12940d12940